000 01698nam a22001697a 4500
008 180807b xxu||||| |||| 00| 0 eng d
020 _a9780073374529
050 _aRB115.S23
100 _aSafian, Shelley C.
245 _aYou code it!: abstracting case studies practicum. /
_cShelley C. Safian.
250 _a2nd ed.
260 _aNew York :
_bMcGraw-HIll,
_c2012.
300 _aviii, 519 p. :
_bill. ;
_c28 cm.
500 _aIncludes photos credits.
505 _aContents: How to abstract notes -- Allergy and immunology cases and patient records -- Cardiology and cardiovascular cases and patient records -- Dentistry cases and patient records -- Dermatology and burns cases and patient records -- Emergency services cases and patient records -- Endocrinology cases and patient records -- Family practice cases and patient records -- Gastroenterology cases and patient records -- Gerontology cases and patient records -- Neonatal and pediatrics cases and patient records -- Obstetrics and gynecology cases and patient records -- Oncology cases and patient records -- Ophthalmology cases and patient records -- Orthopedics cases and patient records -- Otolaryngology cases and patient records -- Pathology and laboratory cases and patient records -- Plastic and reconstructive surgery cases and patient records -- Podiatry cases and patient records -- Psychiatric cases and patient records -- Pulmonary and respiratory cases and patient records -- Radiology and nuclear medicine cases and patient records -- Urology, nephrology, and men's health cases and patient records -- Alternative medicine: acupuncture, chiropractics, and physical therapy cases and patient records.
942 _2lcc
_cBK
999 _c6637
_d14137